Водная эрозия и освоение газовых месторождений полуострова Ямал

Bibliographische Detailangaben
1. Verfasser: Баранов А. В. Александр Владимирович
Körperschaften: Газпром, Газпром ВНИИГАЗ
Zusammenfassung:В монографии впервые рассмотрены геоэкологические проблемы освоения месторождений углеводородов п-ва Ямал, связанные с развитием водноэрозионных процессов. На основе новых данных, полученных при реализации комплексной программы «Ямал», рассмотрены закономерности формирования и пространственная изменчивость их основных характеристик. На примере Бованенковского нефтегазоконденсатного месторождения проанализированы данные прогноза развития овражной эрозии и русловых процессов, сформулированы основные принципы инженерной защиты объектов и осваиваемых территорий. Книга предназначена для широкого круга специалистов - гидрологов, географов, экологов, строителей и всех, чья деятельность связана с изучением и освоением севера Западной Сибири.
Sprache:Russisch
Veröffentlicht: Москва, Газпром ВНИИГАЗ, 2009
Schlagworte:
Format: Buch
KOHA link:https://koha.lib.tpu.ru/cgi-bin/koha/opac-detail.pl?biblionumber=181704

MARC

LEADER 00000nam0a2200000 4500
001 181704
005 20231101223635.0
010 |a 9785897540600 
035 |a (RuTPU)RU\TPU\book\196971 
090 |a 181704 
100 |a 20100609d2009 k y0rusy50 ca 
101 0 |a rus 
102 |a RU 
105 |a a z 001zy 
200 1 |a Водная эрозия и освоение газовых месторождений полуострова Ямал  |f А. В. Баранов  |g Газпром ; Газпром ВНИИГАЗ 
210 |a Москва  |c Газпром ВНИИГАЗ  |d 2009 
215 |a 152 с.  |c ил. 
320 |a Библиогр.: с. 138-149. 
330 |a В монографии впервые рассмотрены геоэкологические проблемы освоения месторождений углеводородов п-ва Ямал, связанные с развитием водноэрозионных процессов. На основе новых данных, полученных при реализации комплексной программы «Ямал», рассмотрены закономерности формирования и пространственная изменчивость их основных характеристик. На примере Бованенковского нефтегазоконденсатного месторождения проанализированы данные прогноза развития овражной эрозии и русловых процессов, сформулированы основные принципы инженерной защиты объектов и осваиваемых территорий. Книга предназначена для широкого круга специалистов - гидрологов, географов, экологов, строителей и всех, чья деятельность связана с изучением и освоением севера Западной Сибири. 
606 1 |a Газовые месторождения  |x Гидрогеология  |2 stltpush  |3 (RuTPU)RU\TPU\subj\4645  |9 32892 
610 1 |a водная эрозия 
610 1 |a Ямал 
610 1 |a эрозионные процессы 
610 1 |a криолитозоны 
610 1 |a месторождения углеводородов 
610 1 |a геоэкологический мониторинг 
610 1 |a водно-эрозионные процессы 
610 1 |a инженерная защита 
675 |a 553.981:556.3  |v 3 
700 1 |a Баранов  |b А. В.  |g Александр Владимирович 
712 0 2 |a Газпром  |c Открытое Акционерное Общество  |c (Москва)  |2 stltpush  |3 (RuTPU)RU\TPU\col\11 
712 0 2 |a Газпром ВНИИГАЗ  |c Общество с ограниченной ответственностью  |c (Москва)  |2 stltpush  |3 (RuTPU)RU\TPU\col\16411 
801 1 |a RU  |b 63413507  |c 20100609 
801 2 |a RU  |b 63413507  |c 20121117  |g RCR 
942 |c BK 
959 |a 41/20100609  |d 1  |e 224,00  |f ЧЗТЛ:1